[Event "Lansing (MOR/6/32)"]
[Site "?"]
[Date "1996.??.??"]
[Round "?"]
[White "DeBlasio, N."]
[Black "Nixon, Peter"]
[Result "1/2-1/2"]
[WhiteElo "1605"]
[BlackElo "1605"]
[PlyCount "119"]
[EventDate "1996.??.??"]

{6/(32)} 1. Nf3 Nf6 2. b3 g6 3. Bb2 Bg7 4. c4 c5 5. e4 d6 6. Nc3 O-O 7. Bd3 Nc6
8. a3 Re8 9. Qc2 Bg4 10. Be2 Bxf3 11. Bxf3 Nd4 12. Qd1 e6 13. Ne2 Nxf3+ 14.
gxf3 Qc7 15. Qc2 Rad8 16. O-O-O a6 17. d4 cxd4 18. Bxd4 Rc8 19. Qb2 e5 20. Bc3
b5 21. cxb5 axb5 22. Kb1 Ra8 23. Bb4 Bf8 24. Nc3 Qb6 25. Qe2 Rab8 26. Qe3 Qc6
27. Rd2 Red8 28. Rhd1 Ne8 29. Nd5 Nc7 30. Nxc7 Qxc7 31. Rc2 Qb7 32. Qg5 Rbc8
33. Rdc1 Rxc2 34. Rxc2 Rc8 35. Rc3 Rxc3 36. Bxc3 Be7 37. Qd2 Qd7 38. Bb4 Kg7
39. f4 f6 40. Kb2 Qc6 41. fxe5 fxe5 42. f3 Qb6 43. Ka2 Qc6 44. Bc3 h6 45. Qc1
Qb6 46. Qf1 Qc5 47. Qe1 Bg5 48. Kb2 Be3 49. b4 Qb6 50. Kb3 Bd4 51. Qd2 Bxc3 52.
Kxc3 Qc6+ 53. Kb2 g5 54. Qc3 Qb7 55. Kb3 Qf7+ 56. Kb2 Qb7 57. Qd3 Qb6 58. Kb3
Qc6 59. Kb2 Kf8 60. Kb1 1/2-1/2

[Event "Lansing (MOR/1a/14)"]
[Site "?"]
[Date "1996.??.??"]
[Round "?"]
[White "DeBlasio, N."]
[Black "Foord, Allan"]
[Result "0-1"]
[WhiteElo "1605"]
[BlackElo "1605"]
[PlyCount "48"]
[EventDate "1996.??.??"]

1. Nf3 Nf6 2. Nc3 d5 3. e3 a6 4. b3 g6 5. Bb2 Bg7 6. Be2 O-O 7. d4 Nbd7 8. Ba3
Re8 9. O-O e5 10. Ng5 exd4 11. exd4 h6 12. Nf3 c6 13. Na4 Qa5 14. Bb2 Ne4 15.
Bd3 b5 16. Bxe4 dxe4 17. Bc3 Qc7 18. Re1 bxa4 19. Qd2 Bb7 20. Ba5 Qc8 21. Nh4
c5 22. c3 Qc6 23. dxc5 Nxc5 24. b4 Nd3 0-1

[Event "Detroit (Beg/3/8)"]
[Site "?"]
[Date "1996.??.??"]
[Round "?"]
[White "Davis, A."]
[Black "Sellers, Matt"]
[Result "0-1"]
[WhiteElo "1605"]
[BlackElo "1605"]
[PlyCount "50"]
[EventDate "1996.??.??"]

{3/(8)} 1. e4 c6 2. d4 d5 3. exd5 cxd5 4. Bd3 Nc6 5. c3 e5 6. dxe5 Nxe5 7. Bb5+
Nc6 8. Bf4 a6 9. Ba4 b5 10. Bc2 Nf6 11. h3 Bc5 12. Nd2 O-O 13. Ne2 d4 14. O-O
d3 15. Bxd3 Qxd3 16. Nf3 Qxd1 17. Raxd1 Bb7 18. Rd2 Rfe8 19. Rfd1 Ne4 20. Rd7
Nxf2 21. R1d2 Ne4+ 22. Kh2 Nxd2 23. Bxd2 Rxe2 24. Rxb7 Rae8 25. Rc7 Bd6+ 0-1

[Event "Lansing (MOR/5/40)"]
[Site "?"]
[Date "1996.??.??"]
[Round "?"]
[White "Davis, A."]
[Black "Paul, Dennis"]
[Result "0-1"]
[WhiteElo "1605"]
[BlackElo "1605"]
[PlyCount "46"]
[EventDate "1996.??.??"]

{5/(40)} 1. e4 e6 2. d4 d5 3. Nc3 Nf6 4. e5 Nfd7 5. Be3 Be7 6. Nf3 O-O 7. Nb1
Nc6 8. c3 f6 9. Bb5 fxe5 10. Bxc6 bxc6 11. dxe5 c5 12. O-O c4 13. Nd4 Nxe5 14.
f4 Nd3 15. Nc6 Qd6 16. Nxe7+ Qxe7 17. Nd2 Nxb2 18. Qc2 Nd3 19. Rab1 Qa3 20. Rf3
Bd7 21. Bd4 Ba4 22. Qxd3 cxd3 23. Rxd3 Bc2 0-1

[Event "Lansing (MOR/3/41)"]
[Site "?"]
[Date "1996.??.??"]
[Round "?"]
[White "Davis, A."]
[Black "Liu, Zhong"]
[Result "0-1"]
[WhiteElo "1605"]
[BlackElo "1605"]
[PlyCount "106"]
[EventDate "1996.??.??"]

{3/(41)} 1. e4 e5 2. Nf3 Nc6 3. Bc4 Bc5 4. c3 Nf6 5. d3 O-O 6. O-O d5 7. Bb3
Bg4 8. Nbd2 Qd7 9. h3 Bh5 10. Re1 Ne8 11. Bxd5 Nf6 12. Bc4 Na5 13. b4 Nxc4 14.
Nxc4 Bb6 15. Ncxe5 Qe6 16. a4 Bxf3 17. Qxf3 Qxe5 18. d4 Bxd4 19. cxd4 Qxd4 20.
Be3 Qxb4 21. Bf4 Rae8 22. e5 Re6 23. Reb1 Qc5 24. Rb5 Qd4 25. Rab1 Ne4 26. R1b2
f5 27. Qb3 Rfe8 28. Rd5 Qb6 29. Be3 Qxb3 30. Rxb3 b6 31. f3 Nc5 32. Bxc5 bxc5
33. f4 Rb6 34. Rb5 Rxb5 35. axb5 c4 36. Rc5 Rb8 37. Rxc7 Rxb5 38. Rxc4 a5 39.
Rc7 a4 40. Ra7 Rb4 41. Kh2 Rxf4 42. Kg3 Re4 43. Kf3 g6 44. g3 h5 45. h4 Kf8 46.
e6 Rb4 47. Ke2 Rb2+ 48. Kd1 Ra2 49. Kc1 a3 50. Rb7 Rg2 51. Rb3 a2 52. Ra3 a1=Q+
53. Rxa1 Rxg3 0-1

[Event "Detroit (Beg/4/12)"]
[Site "?"]
[Date "1996.??.??"]
[Round "?"]
[White "Davis, A."]
[Black "Herschler, R."]
[Result "1-0"]
[WhiteElo "1605"]
[BlackElo "1605"]
[PlyCount "51"]
[EventDate "1996.??.??"]

{4/(12)} 1. e4 e5 2. Nf3 Nc6 3. Bc4 Nf6 4. Ng5 d5 5. exd5 Nxd5 6. d3 Bb4+ 7. c3
Be7 8. Qh5 Be6 9. Nxe6 g6 10. Nxd8 gxh5 11. Nxc6 bxc6 12. O-O O-O-O 13. Ba6+
Kd7 14. b4 Rhg8 15. f4 exf4 16. Bxf4 Rg4 17. Be5 Ne3 18. Rf2 Rdg8 19. g3 Bh4
20. d4 f6 21. Bf4 Re8 22. Nd2 Nd5 23. Raf1 Nxf4 24. Rxf4 f5 25. Rxf5 Re2 26.
Bxe2 1-0

[Event "Ann Arbor (Ann Arbor Open, U1700/2)"]
[Site "?"]
[Date "1996.??.??"]
[Round "?"]
[White "Davey, Scott"]
[Black "Vangilder, W."]
[Result "1-0"]
[WhiteElo "1605"]
[BlackElo "1605"]
[PlyCount "27"]
[EventDate "1996.??.??"]

{1700/(2)} 1. g3 Nf6 2. Bg2 d5 3. c4 Bf5 4. cxd5 c6 5. dxc6 Nxc6 6. Nc3 Nd4 7.
d3 Qc8 8. Bf4 Bd7 9. Rc1 Qd8 10. Bxb7 Bc6 11. Bxa8 Bxa8 12. e4 e6 13. Qa4+ Nd7
14. Qxd4 1-0

[Event "Ann Arbor (Month Long Swiss/4/4)"]
[Site "?"]
[Date "1996.??.??"]
[Round "?"]
[White "Davey, Scott"]
[Black "Moore, Dean"]
[Result "1-0"]
[WhiteElo "1605"]
[BlackElo "1605"]
[PlyCount "73"]
[EventDate "1996.??.??"]

{4/(4)} 1. Nf3 Nf6 2. c4 c5 3. Nc3 Nc6 4. g3 e5 5. Bg2 d5 6. cxd5 Nxd5 7. Nxe5
Nxc3 8. Nxc6 bxc6 9. Bxc6+ Bd7 10. Bxd7+ Qxd7 11. bxc3 Qc6 12. f3 Bd6 13. a4
O-O 14. Ba3 Rfe8 15. Kf2 Re6 16. Rb1 Rae8 17. Re1 Qd5 18. e4 Qh5 19. Kg2 Rh6
20. Rh1 Bc7 21. Rb5 a6 22. Rb1 Bb6 23. h4 Qe5 24. Bc1 Rg6 25. Qe1 c4 26. Rf1
Qe7 27. g4 h6 28. Rb4 Rc6 29. Ba3 Qe6 30. Qe2 Bc7 31. d3 Qf6 32. Kh3 Qf4 33.
Rg1 Rd8 34. d4 a5 35. Rb5 g6 36. e5 Re6 37. Bc1 1-0

[Event "Ann Arbor (Fall Open/2/6)"]
[Site "?"]
[Date "1996.??.??"]
[Round "?"]
[White "Davey, Scott"]
[Black "McGuire, J."]
[Result "1-0"]
[WhiteElo "1675"]
[BlackElo "1605"]
[PlyCount "57"]
[EventDate "1996.??.??"]

{2/(6)} 1. Nf3 g6 2. e4 Bg7 3. d4 c6 4. Bd3 d5 5. Nbd2 Bg4 6. c3 e6 7. h3 Bxf3
8. Nxf3 Ne7 9. O-O Nd7 10. b4 a5 11. Ba3 axb4 12. Bxb4 c5 13. dxc5 Qc7 14. Re1
O-O 15. c6 Nxc6 16. Bxf8 Bxc3 17. Bh6 d4 18. Re2 Bxa1 19. Qxa1 e5 20. Rc2 Qd8
21. Bc4 Nb6 22. Bb3 Na5 23. Qb2 Rc8 24. Nxe5 Rxc2 25. Bxf7+ Kh8 26. Qxc2 Qe7
27. f4 Nc6 28. Bg5 Qd6 29. Qc5 1-0

[Event "Ann Arbor (Month-Long Swiss/2/4)"]
[Site "?"]
[Date "1996.??.??"]
[Round "?"]
[White "Davey, Scott"]
[Black "Johnson, C."]
[Result "0-1"]
[WhiteElo "1605"]
[BlackElo "1605"]
[PlyCount "42"]
[EventDate "1996.??.??"]

{2/(4)} 1. g4 e5 2. Bg2 Nc6 3. c4 Bc5 4. Nc3 Nge7 5. d3 d6 6. h3 h6 7. Nf3 Be6
8. a3 d5 9. b4 d4 10. Ne4 Bb6 11. c5 f5 12. gxf5 Nxf5 13. cxb6 axb6 14. h4 Rf8
15. b5 Na5 16. Nxe5 Nxh4 17. Rxh4 Qxh4 18. Ng6 Qh2 19. Nxf8 Bb3 20. Qd2 Qxg2
21. Qf4 Qg1+ 0-1

[Event "Detroit (Class DE/1/9)"]
[Site "?"]
[Date "1996.??.??"]
[Round "?"]
[White "Davey, Scott"]
[Black "Felton, H."]
[Result "1-0"]
[WhiteElo "1605"]
[BlackElo "1605"]
[PlyCount "29"]
[EventDate "1996.??.??"]

{1/(9)} 1. e4 e6 2. d4 d5 3. Nc3 Nf6 4. Bg5 Be7 5. e5 Nfd7 6. h4 h6 7. Be3 c5
8. Qg4 Kf8 9. O-O-O Nc6 10. f4 cxd4 11. Bxd4 Bc5 12. Nge2 Nxd4 13. Nxd4 f5 14.
Nxe6+ Kg8 15. Qxg7# 1-0

[Event "Ann Arbor (Ann Arbor Open, U1700/4)"]
[Site "?"]
[Date "1996.??.??"]
[Round "?"]
[White "Davey, Scott"]
[Black "Dolin, Jack"]
[Result "1-0"]
[WhiteElo "1605"]
[BlackElo "1605"]
[PlyCount "83"]
[EventDate "1996.??.??"]

{1700/(4)} 1. e4 c5 2. Nc3 d6 3. g3 e5 4. Bg2 Nc6 5. d3 Nf6 6. Nge2 Bg4 7. O-O
Qd7 8. Be3 Be7 9. f4 Bh3 10. Qd2 Bxg2 11. Kxg2 Ng4 12. Bg1 O-O 13. Nd5 Bd8 14.
f5 Nf6 15. Nec3 Nd4 16. g4 Nxg4 17. Kh1 b5 18. f6 Nxf6 19. Nxf6+ Bxf6 20. Rxf6
gxf6 21. Nd5 Qd8 22. Qh6 Nxc2 23. Rc1 Nd4 24. Nxf6+ Qxf6 25. Qxf6 Ne2 26. Rc2
Nf4 27. Qxd6 c4 28. dxc4 bxc4 29. Qxe5 Ng6 30. Rg2 Rfe8 31. Qd5 Rac8 32. Bd4
Rcd8 33. Qc6 Re6 34. Qc5 Rxe4 35. Bc3 Rd1+ 36. Rg1 Rd8 37. Qxa7 Rde8 38. a4
R8e7 39. Qc5 h6 40. a5 Kh7 41. a6 Nf4 42. Rg7+ 1-0

[Event "Detroit (Class DE/3/3)"]
[Site "?"]
[Date "1996.??.??"]
[Round "?"]
[White "Davey, Scott"]
[Black "Brumley, Ron"]
[Result "1-0"]
[WhiteElo "1605"]
[BlackElo "1605"]
[PlyCount "89"]
[EventDate "1996.??.??"]

{3/(3)} 1. e4 c5 2. Nc3 a6 3. g3 Nc6 4. Bg2 d6 5. d3 Nf6 6. f4 Bg4 7. Nge2 e5
8. f5 Qa5 9. O-O b5 10. h3 Bxe2 11. Nxe2 Be7 12. Bd2 Qb6 13. Kh1 g6 14. g4 h6
15. Bxh6 Nxg4 16. Bd2 c4 17. Be1 Ne3 18. Bf2 Nxd1 19. Bxb6 Nxb2 20. d4 Na4 21.
d5 Nxb6 22. dxc6 Rh6 23. Nc3 Rc8 24. Nd5 Rxc6 25. Nb4 Rc8 26. Nxa6 c3 27. Rab1
Nc4 28. Rxb5 Na3 29. Rb3 Nxc2 30. Rc1 Nd4 31. Rbxc3 Rd8 32. Rf1 Ne2 33. Re3 Nf4
34. Rc1 Nxg2 35. Kxg2 Bg5 36. Rec3 Bxc1 37. Rxc1 gxf5 38. exf5 Kf8 39. a4 Ra8
40. Nc7 Rxa4 41. Nd5 Ra2+ 42. Kg3 Ra3+ 43. Kg2 Raxh3 44. f6 R3h5 45. Rc8# 1-0

[Event "Ann Arbor (Mini-Swiss/3/4)"]
[Site "?"]
[Date "1996.??.??"]
[Round "?"]
[White "Das, M."]
[Black "Hickey, Gene"]
[Result "1/2-1/2"]
[WhiteElo "1900"]
[BlackElo "1985"]
[PlyCount "91"]
[EventDate "1996.??.??"]

{3/(4)} 1. e4 b6 2. d4 Bb7 3. Nc3 e6 4. Nf3 Bb4 5. Bd3 Ne7 6. O-O d6 7. Ne2 d5
8. e5 Ng6 9. c3 Be7 10. a4 c5 11. Ne1 Nc6 12. f4 O-O 13. Nf3 f5 14. exf6 Bxf6
15. Bxg6 hxg6 16. Qc2 cxd4 17. Qxg6 dxc3 18. bxc3 Ba6 19. Ng5 Bxg5 20. Qxe6+
Kh8 21. fxg5 Rxf1+ 22. Kxf1 Qe8 23. Qh3+ Kg8 24. Qf3 Qe6 25. Qe3 Ne5 26. Kg1
Rf8 27. Nf4 Qf5 28. Bd2 Nc4 29. Qe6+ Qxe6 30. Nxe6 Nxd2 31. Nxf8 Kxf8 32. Rd1
Ne4 33. Rxd5 Nxc3 34. Rd7 Nxa4 35. Rxa7 Nc5 36. Kf2 Bb7 37. h4 Kf7 38. Ke3 Kg6
39. g3 Kf5 40. Kd4 g6 41. Ra2 Kg4 42. Rf2 Ne6+ 43. Ke5 Kxg3 44. Rb2 Kxh4 45.
Kxe6 Kxg5 46. Rxb6 1/2-1/2

[Event "Howell (US Am N/3/2)"]
[Site "?"]
[Date "1996.??.??"]
[Round "?"]
[White "Dangremond, Leonard"]
[Black "Yahkind, Alex"]
[Result "1/2-1/2"]
[WhiteElo "1970"]
[BlackElo "2055"]
[PlyCount "89"]
[EventDate "1996.??.??"]

{3/(2)} 1. e4 c5 2. Nf3 e6 3. Nc3 d5 4. exd5 exd5 5. d4 Nf6 6. Bg5 Be7 7. Be2
O-O 8. O-O Be6 9. dxc5 Nc6 10. Nb5 Bxc5 11. c3 h6 12. Bh4 Be7 13. Nfd4 Ne4 14.
Bxe7 Qxe7 15. Re1 Qf6 16. Bd3 Nxd4 17. Bxe4 dxe4 18. Nxd4 Bf5 19. Nxf5 Qxf5 20.
Qd4 Rfe8 21. Rad1 b6 22. Re3 Rad8 23. Qxd8 Rxd8 24. Rxd8+ Kh7 25. Re8 Qb5 26.
R8xe4 Qxb2 27. g3 Qxa2 28. Rb4 Qd2 29. Rb1 Qd6 30. Ree1 Qc6 31. Rb3 h5 32. h4
a5 33. Reb1 a4 34. Rxb6 Qxc3 35. R6b2 f5 36. Ra2 f4 37. gxf4 Qh3 38. Rba1 Qg4+
39. Kf1 Qxh4 40. Rxa4 Qh3+ 41. Ke2 Qe6+ 42. Kf3 Qg4+ 43. Ke3 Qe6+ 44. Kd3 Qd5+
45. Ke2 1/2-1/2

[Event "Lansing (MI Op/4/20)"]
[Site "?"]
[Date "1996.??.??"]
[Round "?"]
[White "Dangremond, Leonard"]
[Black "Manion, Tom"]
[Result "1-0"]
[WhiteElo "1980"]
[BlackElo "1865"]
[PlyCount "117"]
[EventDate "1996.??.??"]

{4/(20)} 1. e4 e5 2. Nf3 Nf6 3. Nc3 Bb4 4. d3 Nc6 5. Be2 d5 6. exd5 Nxd5 7. Bd2
Bf5 8. O-O Nxc3 9. Bxc3 Bxc3 10. bxc3 O-O 11. Nd2 Ne7 12. Bf3 Rb8 13. Re1 f6
14. Ne4 Nd5 15. Qd2 Bxe4 16. Rxe4 Nf4 17. a4 Qd6 18. Rb4 Nd5 19. Rb3 b6 20. a5
b5 21. a6 Rb6 22. Ra5 c6 23. c4 Nc7 24. Qe3 Nxa6 25. cxb5 Nc5 26. Rxa7 cxb5 27.
Rc3 Ra6 28. Rxa6 Qxa6 29. Qc1 Rc8 30. g3 b4 31. Rc4 Rc7 32. Bd5+ Kf8 33. Rxb4
Nxd3 34. Rb8+ Rc8 35. Rxc8+ Qxc8 36. Qa3+ Nc5 37. Qa7 Ne6 38. c4 Qc7 39. Qa3+
Qc5 40. Qd3 Ke7 41. Qxh7 Qa7 42. Qg8 Qb6 43. Qxe6+ Qxe6 44. Bxe6 Kxe6 45. Kf1
Kd6 46. Ke2 Kc5 47. Kd3 Kd6 48. h4 Kc5 49. g4 Kd6 50. g5 Ke6 51. g6 f5 52. h5
Ke7 53. c5 Ke6 54. c6 Ke7 55. c7 Kd7 56. h6 gxh6 57. g7 e4+ 58. Ke3 f4+ 59.
Kxf4 1-0

[Event "Lansing (MI Op/2/10)"]
[Site "?"]
[Date "1996.??.??"]
[Round "?"]
[White "Dangremond, Leonard"]
[Black "Kitsis, S."]
[Result "1/2-1/2"]
[WhiteElo "1980"]
[BlackElo "2100"]
[PlyCount "62"]
[EventDate "1996.??.??"]

{2/(10)} 1. e4 d6 2. d4 Nf6 3. Nc3 g6 4. f4 Bg7 5. Nf3 O-O 6. Be2 c6 7. O-O Bg4
8. h3 Bxf3 9. Bxf3 Nbd7 10. e5 Ne8 11. Be3 e6 12. exd6 Nxd6 13. Bf2 Nb6 14. Re1
Nd5 15. Nxd5 exd5 16. Qd3 f5 17. Rad1 Qd7 18. b3 Ne4 19. c4 Rad8 20. c5 Qc7 21.
g3 Rfe8 22. Kg2 Re7 23. b4 Rde8 24. b5 Qa5 25. bxc6 bxc6 26. Bxe4 fxe4 27. Qb3
Qa6 28. Rb1 Kf7 29. Be3 Rd7 30. Rb2 Ree7 31. Reb1 Rd8 1/2-1/2

[Event "Howell (US Am N/1/11)"]
[Site "?"]
[Date "1996.??.??"]
[Round "?"]
[White "Dangremond, Leonard"]
[Black "Juntunen, Michael"]
[Result "1-0"]
[WhiteElo "1970"]
[BlackElo "1605"]
[PlyCount "67"]
[EventDate "1996.??.??"]

{1/(11)} 1. e4 e5 2. Nf3 d5 3. exd5 Bd6 4. Bb5+ Bd7 5. Qe2 Qe7 6. Nc3 Nf6 7.
O-O O-O 8. Bc4 Bg4 9. d3 h6 10. h3 Bh5 11. Ne4 Nxe4 12. dxe4 Nd7 13. Re1 Bg6
14. Bd3 Nc5 15. Bd2 Nxd3 16. cxd3 b6 17. Rac1 a5 18. Rc2 Rac8 19. Rec1 f5 20.
Rc6 fxe4 21. dxe4 Bh5 22. g4 Be8 23. Rxb6 Bc5 24. Re6 Qf7 25. Rxc5 Qxf3 26.
Qxf3 Rxf3 27. Kg2 Rd3 28. Bxa5 Bf7 29. Rxe5 c6 30. dxc6 Rd6 31. c7 Bxa2 32. Re7
Kf8 33. Rce5 Rc6 34. Bb4 1-0

[Event "Howell (US Am N/4/10)"]
[Site "?"]
[Date "1996.??.??"]
[Round "?"]
[White "Dangremond, Leonard"]
[Black "Grams, Paul"]
[Result "1-0"]
[WhiteElo "1970"]
[BlackElo "1800"]
[PlyCount "55"]
[EventDate "1996.??.??"]

{4/(10)} 1. e4 c5 2. Nf3 d6 3. d4 cxd4 4. Nxd4 Nf6 5. Nc3 a6 6. Bc4 Nbd7 7. O-O
Nb6 8. Bb3 e6 9. Be3 Be7 10. f4 d5 11. e5 Nfd7 12. Qh5 O-O 13. g4 Nc4 14. Bxc4
dxc4 15. Rad1 Qc7 16. Rf3 Re8 17. Nxe6 Qc6 18. Nd4 Qg6 19. Qh3 Nxe5 20. Rg3 Nd7
21. Nd5 Bd8 22. Nf5 Qc6 23. Qg2 Nf6 24. Nxf6+ Qxf6 25. Nd6 Rxe3 26. Rxe3 Bb6
27. Nxc4 Qxf4 28. Rd8+ 1-0

[Event "Lansing (MI Op/5/14)"]
[Site "?"]
[Date "1996.??.??"]
[Round "?"]
[White "Dangremond, Leonard"]
[Black "Clark, K."]
[Result "0-1"]
[WhiteElo "1980"]
[BlackElo "2065"]
[PlyCount "52"]
[EventDate "1996.??.??"]

{5/(14)} 1. e4 e5 2. Nf3 Nf6 3. Nc3 Bb4 4. d3 O-O 5. Be2 d5 6. exd5 Nxd5 7. Bd2
Nc6 8. O-O f6 9. Nxd5 Qxd5 10. c3 Bc5 11. b4 Be7 12. Be3 Bf5 13. Nh4 Be6 14. f4
f5 15. Nf3 e4 16. Nd4 Nxd4 17. Bxd4 Rad8 18. dxe4 fxe4 19. Qc2 Bxb4 20. Bxa7
Bc5+ 21. Bxc5 Qxc5+ 22. Kh1 Qe3 23. f5 Rd2 24. Qxd2 Qxd2 25. fxe6 Qxe2 26. Kg1
Qc4 0-1

[Event "Ann Arbor (Fall Open/2/14)"]
[Site "?"]
[Date "1996.??.??"]
[Round "?"]
[White "Curtis, Dave"]
[Black "Silveri, Marco"]
[Result "0-1"]
[WhiteElo "1605"]
[BlackElo "1605"]
[PlyCount "88"]
[EventDate "1996.??.??"]

{2/(14)} 1. c4 Nf6 2. Nc3 g6 3. g3 Bg7 4. Bg2 d6 5. e3 O-O 6. d4 Nbd7 7. Rb1 c6
8. b4 e5 9. Nge2 Re8 10. O-O Nf8 11. d5 Qc7 12. dxc6 bxc6 13. b5 Bb7 14. Qb3
N8d7 15. bxc6 Bxc6 16. Bxc6 Qxc6 17. Ba3 Rab8 18. Nb5 a6 19. Bxd6 Nc5 20. Qa3
Nfe4 21. Bxc5 Nxc5 22. Na7 Qc7 23. Rxb8 Rxb8 24. Nb5 axb5 25. cxb5 Rxb5 26. Rc1
Ra5 27. Qb4 Bf8 28. Nc3 Nd3 29. Qb1 Nxc1 30. Qxc1 Rc5 31. Kg2 Rxc3 32. Qb2 Qc6+
33. Kh3 Rc2 34. Qxe5 Rxf2 35. a4 Qe6+ 36. Qxe6 fxe6 37. a5 Bc5 38. e4 Re2 39.
g4 Rxe4 40. a6 Rf4 41. Kh4 e5 42. Kg5 Kg7 43. h3 Rf8 44. h4 Be3# 0-1

[Event "Ann Arbor (HVA/2/7)"]
[Site "?"]
[Date "1996.??.??"]
[Round "?"]
[White "Curtis, Dave"]
[Black "Rosebrook, G."]
[Result "0-1"]
[WhiteElo "1605"]
[BlackElo "1605"]
[PlyCount "50"]
[EventDate "1996.??.??"]

{2/(7)} 1. e4 c5 2. Bc4 e6 3. e5 a6 4. d4 b5 5. Qf3 Nc6 6. Bd3 Rb8 7. d5 Nxe5
8. Qe4 Bd6 9. dxe6 dxe6 10. Bf4 Bb7 11. Qe3 Nxd3+ 12. Qxd3 Bxf4 13. Qc3 Qd4 14.
Nf3 Qxc3+ 15. bxc3 Bxf3 16. gxf3 Nf6 17. a4 O-O 18. axb5 Rxb5 19. Na3 Ra5 20.
O-O Ra4 21. Rfb1 Be5 22. Rb3 c4 23. Rb6 Nd5 24. Re1 Bxc3 25. Nb1 Bxe1 0-1

[Event "Ann Arbor (Fall Open/1/13)"]
[Site "?"]
[Date "1996.??.??"]
[Round "?"]
[White "Curtis, Dave"]
[Black "Haddad, Wade"]
[Result "0-1"]
[WhiteElo "1605"]
[BlackElo "1605"]
[PlyCount "110"]
[EventDate "1996.??.??"]

{1/(13)} 1. c4 e5 2. Nc3 Nc6 3. g3 Bc5 4. e3 Nf6 5. Bg2 O-O 6. Bxc6 bxc6 7. d4
exd4 8. exd4 Re8+ 9. Nge2 Bb6 10. O-O a6 11. Bf4 d5 12. c5 Ba5 13. Qc2 Bxc3 14.
Nxc3 Bh3 15. Rfe1 Qd7 16. Be5 Nh5 17. Qd2 f6 18. Bf4 g5 19. Bxg5 fxg5 20. Qxg5+
Ng7 21. Ne2 Qe6 22. f3 h6 23. Qf4 Rf8 24. g4 Rae8 25. Qg3 Qe3+ 26. Qf2 Qxf3 27.
Qxf3 Rxf3 28. Ng3 Bxg4 29. Rxe8+ Nxe8 30. Kg2 Rd3 31. Re1 Kf7 32. h3 Be6 33.
Rf1+ Ke7 34. Re1 Ng7 35. a3 Rxd4 36. Re3 Rd2+ 37. Kf3 Rxb2 38. Kf4 Kf6 39. Re5
Rf2+ 40. Ke3 Kxe5 41. Kxf2 Bxh3 42. Ke3 d4+ 43. Kd3 Kd5 44. Kc2 Kxc5 45. Kb3
Be6+ 46. Ka4 d3 47. Ka5 Bc4 48. a4 Kd4 49. Nf1 h5 50. Nd2 Be6 51. Kxa6 h4 52.
Kb7 Bd5 53. a5 c5+ 54. Kxc7 h3 55. a6 h2 0-1

[Event "Ann Arbor (HVA/4/7)"]
[Site "?"]
[Date "1996.??.??"]
[Round "?"]
[White "Curtis, Dave"]
[Black "Haddad, Wade"]
[Result "0-1"]
[WhiteElo "1605"]
[BlackElo "1605"]
[PlyCount "54"]
[EventDate "1996.??.??"]

{4/(7)} 1. f4 d5 2. Nf3 Nf6 3. e3 g6 4. Nc3 Bg7 5. d4 O-O 6. Qe2 Bg4 7. Bd2 b6
8. O-O-O c5 9. g3 Ne4 10. h3 Nxg3 11. Qg2 Bxf3 12. Qxf3 Nxh1 13. Qxh1 e6 14.
Ne2 Nd7 15. f5 Rc8 16. h4 Qc7 17. c3 Nf6 18. fxg6 fxg6 19. Nf4 Qf7 20. Be2 h5
21. Rg1 Ng4 22. Bxg4 hxg4 23. Rxg4 Qf5 24. Rg5 Qe4 25. Rxg6 Qxh1+ 26. Kc2 Rxf4
27. exf4 Qe4+ 0-1

[Event "Ann Arbor (Fall Open/4/11)"]
[Site "?"]
[Date "1996.??.??"]
[Round "?"]
[White "Curtis, Dave"]
[Black "Gabbard, Keith"]
[Result "0-1"]
[WhiteElo "1605"]
[BlackElo "1605"]
[PlyCount "38"]
[EventDate "1996.??.??"]

{4/(11)} 1. c4 d5 2. cxd5 Qxd5 3. Nc3 Qa5 4. g3 Bd7 5. a3 e6 6. Bg2 Nc6 7. e3
Nf6 8. Nge2 O-O-O 9. O-O Bd6 10. Qa4 Qxa4 11. Nxa4 Rdg8 12. b4 h5 13. Nac3 g5
14. Bb2 Be5 15. Rac1 h4 16. Ba1 h3 17. Bf3 g4 18. Bxc6 Bxc6 19. d4 Bd6 {
[Remainder illegible; 0-1, 65?]} 0-1

[Event "Ann Arbor (HVA/5/7)"]
[Site "?"]
[Date "1996.??.??"]
[Round "?"]
[White "Curtis, Dave"]
[Black "Dushane, M."]
[Result "1-0"]
[WhiteElo "1605"]
[BlackElo "1605"]
[PlyCount "80"]
[EventDate "1996.??.??"]

{5/(7)} 1. c4 c5 2. Nc3 Nf6 3. g3 g6 4. Bg2 Bg7 5. e3 Nc6 6. Nge2 d6 7. O-O Bg4
8. Qc2 Bxe2 9. Nxe2 Rb8 10. Bxc6+ bxc6 11. Qa4 Qc7 12. a3 O-O 13. d3 d5 14. Rb1
e6 15. Bd2 Nd7 16. b4 cxb4 17. Bxb4 Rfe8 18. d4 Nf6 19. Ba5 Qe7 20. Rxb8 Rxb8
21. Qxc6 Qxa3 22. Bc7 Rc8 23. Kg2 Qe7 24. Bd6 Rxc6 25. Bxe7 Rxc4 26. Bxf6 Bxf6
27. Ra1 Rc2 28. h4 Bd8 29. Ra3 Kg7 30. Nc3 a5 31. Nb5 Rb2 32. Nd6 Rb4 33. Rc3
a4 34. Rc8 Be7 35. Ne8+ Kh6 36. g4 a3 37. Rc7 Bxh4 38. f4 Rb2+ 39. Kh3 a2 40.
Kxh4 a1=Q 1-0

[Event "Kalamazoo (Mini-Swiss.3/2)"]
[Site "?"]
[Date "1996.??.??"]
[Round "?"]
[White "Cunningham, E."]
[Black "Blink, R."]
[Result "0-1"]
[WhiteElo "1605"]
[BlackElo "1605"]
[PlyCount "36"]
[EventDate "1996.??.??"]

{3/(2)} 1. e4 e5 2. Nf3 Nc6 3. Bc4 Bc5 4. Nc3 d6 5. O-O Bg4 6. Nd5 Nf6 7. d3
Nxd5 8. Bxd5 O-O 9. a3 Rb8 10. Qe2 Nd4 11. Qd1 c6 12. Bb3 Nxf3+ 13. gxf3 Bh5
14. c3 Qf6 15. Be3 h6 16. Qd2 Bxf3 17. Rfb1 Qg6+ 18. Kf1 Qg2+ 0-1

[Event "Detroit (WCO/2/25)"]
[Site "?"]
[Date "1996.??.??"]
[Round "?"]
[White "Cunningham, Craig"]
[Black "Chrzan, Bryan"]
[Result "1-0"]
[WhiteElo "1605"]
[BlackElo "1605"]
[PlyCount "111"]
[EventDate "1996.??.??"]

{2/(25)} 1. d4 e6 2. e4 d5 3. c3 Nc6 4. exd5 exd5 5. Bb5 Bd7 6. Qf3 Nf6 7. Bg5
Bg4 8. Bxc6+ bxc6 9. Qe3+ Qe7 10. h3 Bf5 11. Bxf6 Qxe3+ 12. fxe3 gxf6 13. Nd2
Bh6 14. O-O-O O-O 15. Re1 Rae8 16. Nf1 Bd3 17. Nf3 Bxf1 18. Rhxf1 Rxe3 19. Rxe3
Bxe3+ 20. Kc2 c5 21. Kd3 cxd4 22. Nxd4 Bxd4 23. Kxd4 Kg7 24. Re1 c6 25. b4 Ra8
26. Re7 a5 27. Re2 axb4 28. cxb4 f5 29. Rc2 Ra4 30. Rb2 Kg6 31. Kc5 Ra6 32. a4
Rxa4 33. Kxc6 d4 34. b5 d3 35. b6 Rc4+ 36. Kd5 Rc2 37. Rb3 d2 38. Rd3 Rb2 39.
Kc6 f4 40. b7 Kf5 41. Rxd2 Rxd2 42. b8=Q Rc2+ 43. Kd5 Rd2+ 44. Kc4 Rxg2 45.
Qb1+ Kg5 46. Qxh7 f3 47. Qxf7 Kh4 48. Qxf3 Rg3 49. Qf2 Kxh3 50. Kd4 Rg2 51. Qf1
Kh2 52. Ke3 Rg1 53. Qf4+ Rg3+ 54. Kf2 Kh1 55. Qh4+ Rh3 56. Qxh3# 1-0

[Event "Kalamazoo (Mini-Swiss.2/2)"]
[Site "?"]
[Date "1996.??.??"]
[Round "?"]
[White "Cunningham, Cole"]
[Black "Schulte, Michael"]
[Result "0-1"]
[WhiteElo "1605"]
[BlackElo "1605"]
[PlyCount "206"]
[EventDate "1996.??.??"]

{2/(2)} 1. e4 e5 2. Nf3 d6 3. Bc4 Be6 4. Bxe6 fxe6 5. O-O Nc6 6. c3 Nf6 7. Re1
Be7 8. Qb3 Qc8 9. d4 exd4 10. cxd4 Nd8 11. Nc3 c6 12. d5 cxd5 13. exd5 e5 14.
Qb5+ Qd7 15. Qd3 Nf7 16. Ng5 Nxg5 17. Bxg5 Nxd5 18. Nxd5 Bxg5 19. f4 Bf6 20.
Rac1 O-O 21. Rc7 Qa4 22. Nxf6+ Rxf6 23. Qd5+ Kh8 24. Qxb7 Rg8 25. Qxa7 Qxa7+
26. Rxa7 Rxf4 27. a3 Rd4 28. b4 e4 29. b5 d5 30. b6 Rd3 31. a4 Rb3 32. b7 Rb8
33. Rf1 h6 34. Rf7 Kh7 35. a5 e3 36. Kf1 d4 37. a6 Rb1+ 38. Ke2 Rb2+ 39. Kd3
Rd2+ 40. Kc4 e2 41. Re7 d3 42. Ra8 Rd1 43. Rxb8 d2 44. Rh8+ Kg6 45. b8=Q Rc1+
46. Kb3 d1=Q+ 47. Kb4 Rb1+ 48. Kc5 Rxb8 49. Rxb8 e1=Q 50. Rb6+ Kh7 51. Rxe1
Qxe1 52. Kc6 Qe4+ 53. Kc7 Qa8 54. g3 Qa7+ 55. Kc6 Qa8+ 56. Kc5 Qf8+ 57. Rd6 Qe7
58. Kc6 Qe4+ 59. Kb6 Qb4+ 60. Kc7 Qc5+ 61. Rc6 Qa7+ 62. Kd6 Kg6 63. Kd5+ Kf5
64. h3 h5 65. Kd6 Ke4 66. Ke6 Kf3 67. g4 hxg4 68. hxg4 g5 69. Kf5 Qd7+ 70. Re6
Qb5+ 71. Re5 Qxa6 72. Kxg5 Qa4 73. Rf5+ Kg3 74. Kf6 Qd4+ 75. Kg6 Kxg4 76. Rg5+
Kf3 77. Rf5+ Ke3 78. Rf7 Qg4+ 79. Kf6 Kd4 80. Re7 Qf4+ 81. Kg6 Qd6+ 82. Kf7 Kd5
83. Re1 Qf4+ 84. Ke8 Qc7 85. Rd1+ Ke4 86. Re1+ Kf3 87. Re7 Qc8+ 88. Kf7 Kf4 89.
Re6 Kf5 90. Rf6+ Ke5 91. Rf2 Qe6+ 92. Kg7 Qe7+ 93. Kg6 Qe8+ 94. Kg7 Qh5 95. Kg8
Ke6 96. Rf1 Qg6+ 97. Kf8 Qg2 98. Rf7 Qg5 99. Rf1 Qe5 100. Kg8 Qg3+ 101. Kf8 Qh3
102. Re1+ Kf6 103. Ke8 Qc8# 0-1